Scientist to president Dr. A. P. J. Abdul Kalam / (Record no. 129879)
[ view plain ]
| 000 -LEADER | |
|---|---|
| fixed length control field | 00826nam a22002537a 4500 |
| 003 - CONTROL NUMBER IDENTIFIER | |
| control field | 0 |
| 005 - DATE AND TIME OF LATEST TRANSACTION | |
| control field | 20180806154917.0 |
| 008 - FIXED-LENGTH DATA ELEMENTS--GENERAL INFORMATION | |
| fixed length control field | 0 |
| 010 ## - LIBRARY OF CONGRESS CONTROL NUMBER | |
| LC control number | B-107244 |
| 020 ## - INTERNATIONAL STANDARD BOOK NUMBER | |
| Terms of availability | 540.00 |
| International Standard Book Number | 8121208076 |
| 035 ## - SYSTEM CONTROL NUMBER | |
| System control number | B-107244,B-107245, B-107260 |
| 037 ## - SOURCE OF ACQUISITION | |
| Source of stock number/acquisition | Cen Lib/Ret |
| 040 ## - CATALOGING SOURCE | |
| Original cataloging agency | DPL |
| Language of cataloging | EN |
| Transcribing agency | 0 |
| 082 ## - DEWEY DECIMAL CLASSIFICATION NUMBER | |
| Classification number | 921 |
| Item number | CHA |
| 100 ## - MAIN ENTRY--PERSONAL NAME | |
| Personal name | Chandra, Ramesh |
| 9 (RLIN) | 27668 |
| 245 ## - TITLE STATEMENT | |
| Title | Scientist to president Dr. A. P. J. Abdul Kalam / |
| Statement of responsibility, etc | by Ramesh Chandra |
| Remainder of title | |
| 260 ## - PUBLICATION, DISTRIBUTION, ETC. (IMPRINT) | |
| Place of publication, distribution, etc | New Delhi |
| Name of publisher, distributor, etc | Gyan publishing house |
| Date of publication, distribution, etc | 2002 |
| 270 ## - ADDRESS | |
| City | New Delhi |
| Address | 5, Ansari Road, Darya Ganj |
| Postal code | 110002 |
| 300 ## - PHYSICAL DESCRIPTION | |
| Extent | 327p. |
| Dimensions | 23cm(Hb) |
| 500 ## - GENERAL NOTE | |
| General note | Includes index<br/><br/> |
| 650 ## - SUBJECT ADDED ENTRY--TOPICAL TERM | |
| Topical term or geographic name as entry element | Abdul Kalam, Avul Pakir Jainulabdeen, -- 1931-.... -- Biographies |
| 9 (RLIN) | 27669 |
| 650 ## - SUBJECT ADDED ENTRY--TOPICAL TERM | |
| Topical term or geographic name as entry element | Abdul Kalam, Avul Pakir Jainulabdeen, -- 1931- |
| 9 (RLIN) | 27670 |
| 942 ## - ADDED ENTRY ELEMENTS (KOHA) | |
| Source of classification or shelving scheme | Dewey Decimal Classification |
| Koha item type | English Books |
| Classification part | 921 |
| Call number suffix | CHA |
| Withdrawn status | Lost status | Damaged status | Not for loan | Home library | Current library | Date acquired | Source of acquisition | Cost, normal purchase price | Total Checkouts | Full call number | Barcode | Date last seen | Date checked out | Copy number | Cost, replacement price | Price effective from | Koha item type | Source of classification or shelving scheme | Collection code | Total Renewals | Checked out |
|---|---|---|---|---|---|---|---|---|---|---|---|---|---|---|---|---|---|---|---|---|---|
| Central Library | Central Library | 07/07/2015 | Cen Lib/Ret | 540.00 | 2 | 921 CHA | B-107244 | 17/12/2018 | 15/12/2018 | 1 | 540.00 | 07/07/2015 | English Books | ||||||||
| Patel Nagar | Patel Nagar | 30/06/2018 | BPPD/Pub | 540.00 | 1 | 921 CHA | B-107245 | 12/10/2018 | 31/08/2018 | 1 | 540.00 | 30/06/2018 | English Books | Dewey Decimal Classification | Non-fiction | 2 | |||||
| Shahdara Branch | Shahdara Branch | 06/08/2018 | BPPD/PUB | 540.00 | 2 | 921 CHA | B-107260 | 25/07/2019 | 25/07/2019 | 540.00 | 06/08/2018 | English Books | Dewey Decimal Classification | Non-fiction | 08/08/2019 |
